Вера и нравственность: православные традиции и современность; Высшее образование сегодня; № 2

Dettagli Bibliografici
Parent link:Высшее образование сегодня: научно-практический журнал.— , 2001-.— 1726-667X
№ 2.— 2003.— С. 59-63
Autore principale: Никандров Н. Д. Николай Дмитриевич
Riassunto:Высшее образование в документах: Журнал в журнале
Lingua:russo
Pubblicazione: 2003
Serie:Трибуна
Soggetti:
Natura: MixedMaterials Capitolo di libro
KOHA link:https://koha.lib.tpu.ru/cgi-bin/koha/opac-detail.pl?biblionumber=385006

MARC

LEADER 00000naa2a2200000 4500
001 385006
005 20231101063321.0
035 |a (RuTPU)RU\TPU\prd\12302 
090 |a 385006 
100 |a 20030402a2003 k y0rusy50 ca 
101 0 |a rus 
102 |a RU 
200 1 |a Вера и нравственность: православные традиции и современность  |f Н. Д. Никандров 
225 1 |a Трибуна 
300 |a Высшее образование в документах: Журнал в журнале 
461 1 |0 (RuTPU)RU\TPU\prd\1307  |x 1726-667X  |t Высшее образование сегодня  |o научно-практический журнал  |d 2001- 
463 1 |0 (RuTPU)RU\TPU\prd\12106  |t № 2  |v С. 59-63  |d 2003 
610 1 |a православные традиции 
610 1 |a патриотизм 
610 1 |a семья 
610 1 |a труд 
610 1 |a собственность 
610 1 |a богатство 
610 1 |a благотворительность 
610 1 |a современность 
700 1 |a Никандров  |b Н. Д.  |g Николай Дмитриевич 
801 1 |a RU  |b 63413507  |c 20030402  |g PSBO 
801 2 |a RU  |b 63413507  |c 20140729  |g RCR 
942 |c BK